000 01099nam a22003257a 4500
001 0012483
003 KOHA_MİRAKIL
005 20260207001852.0
007 ta
008 100129b1989 tu |||gr||||#||||0|tur |
020 _a9751602106
_c0,01
040 _aTR-BiSEU
_btur
_cTR-BiSEU
_erda
041 0 _atur
044 _ctu
050 _aDS38
_b.C34 1989
100 1 _aÇağatay, Neşet.
245 1 _aİslam dönemine dek Arap tarihi/
_cNeşet Çağatay ; Neşet Çağatay.
264 1 _aAnkara :
_bAtatürk Kültür Dil ve Tarih Yüksek Kurumu
_c1989
300 _a191 sayfa: harita; 20 cm.
336 _ametin
_btxt
_2rdacontent
337 _aaracısız
_bn
_2rdamedia
338 _acilt
_bnc
_2rdacarrier
490 1 _aAtatürk Kültür Dil ve Tarih Yüksek Kurumu Türk Tarih kurumu yayınları ;
_v7.
490 1 _adizi sayı 111.
500 _aKaynakça ve dizin var.
650 0 _aArab--History to 622.
_930127
830 1 _aAtatürk Kültür Dil ve Tarih Yüksek Kurumu Türk Tarih kurumu yayınları ;
_v7.
_930128
830 1 _adizi sayı 111.
_930129
942 _2lcc
_cBK
999 _c12452
_d12452